LEADER 01493nam2 22003853i 450 001 PUV0675065 005 20251003044315.0 020 $aIT$b1920 465 090 $a471165 100 $a20070104d1920 ||||0itac50 ba 101 | $aita 102 $ait 181 1$6z01$ai $bxxxe 182 1$6z01$an 183 1$6z01$anc$2RDAcarrier 200 1 $aˆ4: ‰Ingranaggi, cinghie, corde, catene di trasmissione ...$fOttorino Pomini 210 $aMilano$cHoepli$d1920 215 $aXXIV, 491 p.$cill.$d24 cm. 225 | $aBiblioteca tecnica$v154.4 410 0$1001LO10155079$12001 $aBiblioteca tecnica$v154.4 461 1$1001LO10470584$12001 $aCostruzione di macchine$fOttorino Pomini 606 $aIngranaggi$2FIR$3SBLC131935$9I 606 $aMacchine$xCostruzione$2FIR$3CFIC057491$9E 676 $a621.8$9INGEGNERIA DELLE MACCHINE$v14 676 $a621.833$9INGEGNERIA DELLE MACCHINE. Ingranaggi$v22 696 $aRuote dentate 699 $aIngranaggi$yRuote dentate 700 1$aPomini$b, Ottorino$3LO1V167458$4070$0632471 801 3$aIT$bIT-000000$c20070104 850 $aIT-BN0095 $aIT-NA0079 912 $aPUV0675065 950 2$aBiblioteca Centralizzata di Ateneo$cv. 4$d 01SPECIALI 621.8 POM.co$e 0102 0000055715 VMA (0004 v. 4$fB $h20050118$i20170705 977 $a 01$a BN 996 $aIngranaggi, cinghie, corde, catene di trasmissione ..$91486104 997 $aUNISANNIO